Black Sorrow Lyrics (English) (Alnst Alien Stage Ivan) - Statistics

General Stats
  • This quiz has been taken 18 times
  • The average score is 75 of 168
Answer Stats
Lyrics % Correct
Black
100%
So
100%
Sorrow
89%
I
78%
A
67%
Be
67%
Can
67%
Dark
67%
It
67%
Me
67%
The
67%
Who
67%
You
67%
For
56%
Are
44%
As
44%
Crouched
44%
Darkness
44%
Down
44%
Like
44%
Sea
44%
Soggy
44%
Story
44%
Such
44%
Woe
44%
Always
33%
Of
33%
Time
33%
To
33%
At
22%
Blood
22%
End
22%
Even
22%
Eyes
22%
Is
22%
It's
22%
Long
22%
Only
22%
Our
22%
Place
22%
Red
22%
We
22%
With
22%
Your
22%
Air
11%
And
11%
Approach
11%
Can't
11%
Cold
11%
Deeper
11%
Empty
11%
Gets
11%
Heads
11%
Hourglass
11%
If
11%
Light
11%
Reach
11%
Same
11%
Shake
11%
Spot
11%
Stained
11%
There
11%
This
11%
Turn
11%
Where
11%
Alone
0%
Brush
0%
Endlessly
0%
Fingertips
0%
Imagine
0%
Inside
0%
Next
0%
Shine
0%
Stand
0%
Waiting
0%
No matching quizzes found
Score Distribution
Percent of People with Each Score
Percentile by Number Answered
Your Score History
You have not taken this quiz